[Event "España tch 2009 -2a 1"]
[Site "Padrón ESP"]
[Date "2009.08.07"]
[Round "4.13"]
[White "Trepat Herranz, Joan"]
[Black "Hernando Pertierra, Jose C"]
[Result "1-0"]
[WhiteElo "2269"]
[BlackElo "2386"]
[PlyCount "105"]
[EventDate "2009.08.05"]
[EventType "team"]
[EventRounds "6"]
[EventCountry "ESP"]
[Source "lmi"]
[SourceDate "2009.08.05"]

1. d4 Nf6 2. c4 c5 3. d5 b5 4. cxb5 a6 5. bxa6 d6 6. Nc3 g6 7. g3 Bg7 8. Bg2
O-O 9. Nf3 Bxa6 10. O-O Nbd7 11. Rb1 Qc7 12. b3 Rfb8 13. Qc2 Ng4 14. Bd2 Nge5
15. Nxe5 Bxe5 16. a4 Bg7 17. Rfe1 Rb7 18. Na2 Ne5 19. f4 Nd7 20. b4 cxb4 21.
Qxc7 Rxc7 22. Nxb4 Bd4+ 23. e3 Bf6 24. Nxa6 Rxa6 25. a5 Rc2 26. Bf1 Ra7 27. Bb4
Bc3 28. Bxc3 Rxc3 29. a6 Ra3 30. Ra1 Rxa1 31. Rxa1 Kf8 32. Rb1 Ke8 33. Bb5 Kd8
34. Bxd7 Kxd7 35. Rb6 f5 36. e4 fxe4 37. Kf2 Kc7 38. Rc6+ Kb8 39. Ke3 Rd7 40.
Kxe4 Rd8 41. g4 Re8 42. h4 h5 43. gxh5 gxh5 44. Kf5 Rf8+ 45. Kg5 Rg8+ 46. Kxh5
Rg1 47. f5 Ka7 48. Rc7+ Kxa6 49. Rxe7 Kb6 50. f6 Kc5 51. f7 Rf1 52. Kg6 Kxd5
53. Re8 1-0

[Event "España tch 2009 -2a 1"]
[Site "Padrón ESP"]
[Date "2009.08.07"]
[Round "4.14"]
[White "Gonzalez De La Nava, Amador"]
[Black "Monell Camarasa, David"]
[Result "1-0"]
[WhiteElo "2275"]
[BlackElo "2230"]
[PlyCount "89"]
[EventDate "2009.08.05"]
[EventType "team"]
[EventRounds "6"]
[EventCountry "ESP"]
[Source "lmi"]
[SourceDate "2009.08.05"]

1. d4 d5 2. Nf3 Nf6 3. c4 c6 4. cxd5 cxd5 5. Nc3 Nc6 6. Bf4 Bf5 7. e3 e6 8. Qb3
Bb4 9. Bb5 O-O 10. Bxc6 Bxc3+ 11. Qxc3 Rc8 12. Ne5 Ng4 13. Nxg4 Bxg4 14. Qb4
Rxc6 15. Qxb7 Qc8 16. Qxc8 Rfxc8 17. O-O Rc2 18. b3 h6 19. Bd6 Bf5 20. Bc5 Rb2
21. f3 Re2 22. Rfe1 Rb2 23. b4 a6 24. a4 h5 25. h4 f6 26. Ra3 Kf7 27. e4 dxe4
28. fxe4 Bg4 29. Raa1 g5 30. Rab1 Rxb1 31. Rxb1 Be2 32. hxg5 fxg5 33. Re1 Bc4
34. Re3 Rb8 35. Bd6 Rb6 36. Rf3+ Kg6 37. Bc5 Rb8 38. Rc3 Ba2 39. Kf2 Rb7 40.
Rf3 Rf7 41. Rxf7 Kxf7 42. b5 axb5 43. a5 b4 44. a6 b3 45. Ba3 1-0

[Event "España tch 2009 -2a 1"]
[Site "Padrón ESP"]
[Date "2009.08.07"]
[Round "4.21"]
[White "Suarez Pousa, Diego"]
[Black "Garbisu De Goñi, Unai"]
[Result "1/2-1/2"]
[WhiteElo "2412"]
[BlackElo "2467"]
[PlyCount "137"]
[EventDate "2009.08.05"]
[EventType "team"]
[EventRounds "6"]
[EventCountry "ESP"]
[Source "lmi"]
[SourceDate "2009.08.05"]

1. e4 e5 2. Nf3 Nc6 3. Bb5 a6 4. Ba4 Nf6 5. d3 d6 6. c3 Bd7 7. Nbd2 g6 8. Nf1
Bg7 9. Ng3 O-O 10. O-O Re8 11. a3 h6 12. b4 d5 13. Qc2 Bg4 14. h3 Bxf3 15. gxf3
Nh7 16. Kh2 Bf6 17. Rg1 Bg5 18. exd5 Qxd5 19. Bxg5 Nxg5 20. Ne4 Kg7 21. Nxg5
hxg5 22. Rxg5 Qxf3 23. Rag1 Re6 24. R1g3 Qf4 25. Qe2 Rd8 26. R5g4 Qc1 27. Rh4
Ne7 28. Bb3 Nd5 29. Qh5 Nf6 30. Qf3 Re7 31. Qxb7 Qxc3 32. Bc4 Rd4 33. Rxd4 Qxd4
34. Qf3 e4 35. Qe3 Qd6 36. Qc5 Qd7 37. Bxa6 Re6 38. Bb5 Qd8 39. Bc4 Re7 40. a4
exd3 41. Rxd3 Rd7 42. Rf3 Rd4 43. a5 Ng4+ 44. Kg2 Nh6 45. Qe5+ f6 46. Qe6 Nf5
47. Rxf5 gxf5 48. a6 Rd6 49. Qxf5 Qa8+ 50. Kh2 Qa7 51. Qc5 Qxc5 52. bxc5 Rd1
53. Kg3 f5 54. Be6 Kf6 55. Bc8 Ra1 56. Bb7 Ra4 57. Kf3 Kg5 58. Ke3 Kf6 59. Kd3
Ke7 60. h4 c6 61. Bxc6 Rxa6 62. Bf3 Ra3+ 63. Ke2 Rc3 64. c6 Rc4 65. h5 Rh4 66.
Kf1 Rc4 67. Ke2 Rh4 68. Kd3 Kd6 69. Ke2 1/2-1/2

[Event "España tch 2009 -2a 1"]
[Site "Padrón ESP"]
[Date "2009.08.07"]
[Round "4.22"]
[White "Rebole Arbea, Jose Ignacio"]
[Black "Patiño Romaris, Juan Roberto"]
[Result "0-1"]
[WhiteElo "2237"]
[BlackElo "2246"]
[PlyCount "86"]
[EventDate "2009.08.05"]
[EventType "team"]
[EventRounds "6"]
[EventCountry "ESP"]
[Source "lmi"]
[SourceDate "2009.08.05"]

1. g3 Nf6 2. Bg2 g6 3. Nf3 Bg7 4. d4 O-O 5. c4 d6 6. O-O Nbd7 7. Nc3 e5 8. e4
exd4 9. Nxd4 Re8 10. h3 a6 11. Be3 Rb8 12. Qd2 Ne5 13. Qe2 c5 14. Nf3 Nxf3+ 15.
Qxf3 b5 16. Rad1 b4 17. Nd5 Nxe4 18. b3 Bb7 19. h4 Nc3 20. Rd2 Bxd5 21. cxd5
Qf6 22. Bf4 h6 23. Qd3 Nb5 24. Rfd1 Re7 25. Be3 Rbe8 26. Qc4 Qc3 27. Qf4 Kh7
28. Bf1 Qf6 29. Bd3 Qxf4 30. Bxf4 Be5 31. Bxe5 Rxe5 32. Kf1 Nc3 33. Ra1 Rxd5
34. Rc1 Kg7 35. Rcc2 a5 36. Bc4 Rxd2 37. Rxd2 d5 38. Bd3 Re7 39. Ba6 Ra7 40.
Bd3 a4 41. Rb2 a3 42. Rd2 Rc7 43. Ba6 c4 0-1

[Event "España tch 2009 -2a 1"]
[Site "Padrón ESP"]
[Date "2009.08.07"]
[Round "4.23"]
[White "Redondo Arguelles, Graciela"]
[Black "Jimenez Martin, Gustavo"]
[Result "0-1"]
[WhiteElo "2062"]
[BlackElo "2192"]
[PlyCount "100"]
[EventDate "2009.08.05"]
[EventType "team"]
[EventRounds "6"]
[EventCountry "ESP"]
[Source "lmi"]
[SourceDate "2009.08.05"]

1. e4 e5 2. Nf3 Nc6 3. Bb5 f5 4. d4 fxe4 5. Nxe5 Nxe5 6. dxe5 c6 7. Be2 Qa5+ 8.
Bd2 Qxe5 9. Bc3 Qg5 10. Bh5+ Kd8 11. O-O Nf6 12. Be2 d5 13. Bd2 Qg6 14. Bf4 h5
15. h4 Qf5 16. Qd2 Bc5 17. a3 Ke7 18. b4 Bd4 19. Qxd4 Qxf4 20. g3 Qd6 21. c4
dxc4 22. Qxd6+ Kxd6 23. Bxc4 Bg4 24. Nc3 Rhe8 25. Rfe1 Rad8 26. Be2 Bf5 27. Nd1
Kc7 28. Ne3 Bg6 29. Ng2 Nd5 30. Rad1 Bf7 31. Bc4 Bg6 32. Be2 b5 33. Rc1 Kb6 34.
Rc5 Rd6 35. Rd1 Red8 36. Rdc1 Rf8 37. Rd1 Rfd8 38. Rdc1 a6 39. Bf1 Be8 40. Be2
a5 41. bxa5+ Kxa5 42. Bd1 Kb6 43. a4 b4 44. a5+ Kb7 45. Rb1 Kc7 46. Ba4 Rb8 47.
Rc4 Bf7 48. Rxe4 Bg6 49. Rbe1 Bxe4 50. Rxe4 Nc3 0-1

[Event "España tch 2009 -2a 1"]
[Site "Padrón ESP"]
[Date "2009.08.07"]
[Round "4.24"]
[White "Mombiela Martinez, Gonzalo"]
[Black "Beltran Ortiz, Edda Georgina"]
[Result "1-0"]
[WhiteElo "2123"]
[BlackElo "1901"]
[PlyCount "133"]
[EventDate "2009.08.05"]
[EventType "team"]
[EventRounds "6"]
[EventCountry "ESP"]
[Source "lmi"]
[SourceDate "2009.08.05"]

1. d4 c5 2. d5 Nf6 3. c4 b5 4. cxb5 a6 5. b6 Qxb6 6. Nc3 d6 7. e4 g6 8. Be2 Bg7
9. Nf3 Nbd7 10. O-O O-O 11. Nd2 Ne5 12. h3 Bb7 13. f4 Ned7 14. a4 Rfc8 15. Nc4
Qc7 16. a5 Rab8 17. Qd3 Ba8 18. Na4 Rb5 19. Bd2 Rcb8 20. Bc3 Rb3 21. Qc2 R3b7
22. Ncb6 Ra7 23. Bf3 Bb7 24. Rae1 Bc8 25. Nc4 Rab7 26. Nab6 Nxb6 27. axb6 Qd8
28. Na5 Qxb6 29. Nxb7 Bxb7 30. Kh1 Ne8 31. Ra1 f6 32. Ba5 Qa7 33. Rab1 Bc8 34.
Bc3 Nc7 35. Qa4 Nb5 36. Be2 Bd7 37. Qa5 Nxc3 38. bxc3 f5 39. Qxa6 Qc7 40. Qc4
fxe4 41. Rxb8+ Qxb8 42. Qxe4 Qf8 43. c4 Bd4 44. Qf3 Qf6 45. Bd3 Bf5 46. Be4
Bxe4 47. Qxe4 Qh4 48. Qe6+ Kg7 49. f5 Bf6 50. fxg6 hxg6 51. Qe2 Qd4 52. g3 Qc3
53. Kg2 Qd4 54. Rf4 Qc3 55. Rf3 Qd4 56. Qd3 Qb2+ 57. Rf2 Qa1 58. Qe4 Qc3 59.
Qf4 Qa1 60. h4 Qc3 61. Qe4 Qa1 62. Qg4 Qc3 63. h5 g5 64. Qe4 Kf8 65. h6 Qe5 66.
Qg6 Qd4 67. h7 1-0

[Event "España tch 2009 -2a 1"]
[Site "Padrón ESP"]
[Date "2009.08.08"]
[Round "5.11"]
[White "Epishin, Vladimir"]
[Black "Garbisu De Goñi, Unai"]
[Result "1/2-1/2"]
[PlyCount "145"]
[EventDate "2009.08.05"]
[EventType "team"]
[EventRounds "6"]
[EventCountry "ESP"]
[Source "lmi"]
[SourceDate "2009.08.05"]
[WhiteElo "2592"]
[BlackElo "2467"]

1. d4 f5 2. Nf3 g6 3. g3 Bg7 4. Bg2 Nf6 5. b4 d5 6. a4 O-O 7. O-O Ne4 8. Bf4
Nc6 9. c3 a6 10. Qc1 Re8 11. Rd1 e6 12. h4 e5 13. dxe5 Nxe5 14. Bxe5 Bxe5 15.
Nxe5 Rxe5 16. c4 c6 17. e3 Qe7 18. cxd5 Rxd5 19. Rxd5 cxd5 20. Qb2 Be6 21. Na3
Qg7 22. Qxg7+ Kxg7 23. Rc1 Kf6 24. a5 Ke5 25. Kf1 Rc8 26. Rxc8 Bxc8 27. Ke1 Be6
28. Nc2 h6 29. Nd4 Bd7 30. Nb3 g5 31. hxg5 hxg5 32. f4+ gxf4 33. gxf4+ Kd6 34.
Nd4 Nc3 35. Bf1 Na2 36. b5 axb5 37. Bxb5 Nb4 38. Bf1 Nc6 39. Nb3 Bc8 40. Kd2
Bd7 41. Kc3 Bc8 42. Bb5 Na7 43. Kb4 Be6 44. Nd4 Bc8 45. Bd3 Bd7 46. Bxf5 Nc6+
47. Nxc6 Bxf5 48. Nd4 Bd3 49. Nb3 Kc6 50. Nc5 Bf5 51. Na4 Bc2 52. Nb6 Bf5 53.
Na4 Bc2 54. Nc3 Bd3 55. Nd1 Bc2 56. Nf2 Bf5 57. Nh1 Bc8 58. Nf2 b6 59. axb6
Kxb6 60. Kc3 Kc5 61. Nd3+ Kd6 62. Kd4 Bg4 63. Nb4 Bf3 64. f5 Be4 65. f6 Ke6 66.
Nxd5 Bc2 67. e4 Bb3 68. Kc5 Ba2 69. Kc6 Bb1 70. e5 Be4 71. Kc5 Bxd5 72. f7 Kxf7
73. Kxd5 1/2-1/2

[Event "España tch 2009 -2a 1"]
[Site "Padrón ESP"]
[Date "2009.08.08"]
[Round "5.12"]
[White "Jimenez Martin, Gustavo"]
[Black "Iturrizaga, Eduardo"]
[Result "0-1"]
[PlyCount "88"]
[EventDate "2009.08.05"]
[EventType "team"]
[EventRounds "6"]
[EventCountry "ESP"]
[Source "lmi"]
[SourceDate "2009.08.05"]
[WhiteElo "2192"]
[BlackElo "2555"]

1. d4 g6 2. Nc3 Bg7 3. e4 d6 4. f3 a6 5. Be3 Nd7 6. a4 c5 7. d5 Qa5 8. Qd2 b5
9. Nge2 Ne5 10. Nc1 b4 11. Nd1 f5 12. Nf2 Nf6 13. Be2 fxe4 14. fxe4 Nfg4 15.
Nxg4 Nxg4 16. Bxg4 Bxg4 17. Nd3 O-O 18. Bh6 Bxh6 19. Qxh6 c4 20. Nf2 Bd7 21.
Qe3 e6 22. dxe6 Bxe6 23. O-O Qe5 24. c3 Rab8 25. Rfd1 bxc3 26. bxc3 Rf4 27. Qd4
Rb2 28. Qxe5 dxe5 29. Rf1 Kf7 30. Rab1 Rb3 31. Rfd1 Ke7 32. a5 Rf8 33. h3 h5
34. Kf1 Rfb8 35. Rbc1 Rb2 36. Re1 Ra2 37. Ra1 Rd2 38. Red1 Rc2 39. Rdc1 Rcb2
40. Nd1 Rf8+ 41. Kg1 Re2 42. Kh2 Rf1 43. Kg3 g5 44. h4 gxh4+ 0-1

[Event "España tch 2009 -2a 1"]
[Site "Padrón ESP"]
[Date "2009.08.08"]
[Round "5.13"]
[White "Hernando Pertierra, Jose C"]
[Black "Mombiela Martinez, Gonzalo"]
[Result "1/2-1/2"]
[PlyCount "80"]
[EventDate "2009.08.05"]
[EventType "team"]
[EventRounds "6"]
[EventCountry "ESP"]
[Source "lmi"]
[SourceDate "2009.08.05"]
[WhiteElo "2386"]
[BlackElo "2123"]

1. Nf3 d5 2. c4 e6 3. b3 f5 4. Bb2 Nf6 5. g3 c6 6. Bg2 Bd6 7. O-O O-O 8. Nc3
Nbd7 9. Qc2 Ne4 10. d3 Nxc3 11. Bxc3 e5 12. cxd5 cxd5 13. b4 d4 14. Bd2 Qe7 15.
Qb3+ Kh8 16. Bg5 Nf6 17. a3 Be6 18. Qb2 Rac8 19. Rfc1 Qf7 20. Bxf6 Qxf6 21. Nd2
Qf7 22. Rxc8 Rxc8 23. Rc1 Rc7 24. Rc2 b6 25. Qc1 a5 26. Rxc7 Qxc7 27. Qxc7 Bxc7
28. bxa5 bxa5 29. Bc6 Kg8 30. e4 dxe3 31. fxe3 Bd6 32. a4 Bc5 33. Kf2 Kf7 34.
Nf3 Kf6 35. d4 exd4 36. exd4 Bd6 37. Nd2 Bb4 38. Nf3 Bd6 39. Nd2 Bb4 40. Nf3
Bd6 1/2-1/2

[Event "España tch 2009 -2a 1"]
[Site "Padrón ESP"]
[Date "2009.08.08"]
[Round "5.14"]
[White "Monje Peinado, Roberto"]
[Black "Gonzalez De La Nava, Amador"]
[Result "0-1"]
[PlyCount "95"]
[EventDate "2009.08.05"]
[EventType "team"]
[EventRounds "6"]
[EventCountry "ESP"]
[Source "lmi"]
[SourceDate "2009.08.05"]
[WhiteElo "2072"]
[BlackElo "2275"]

1. d4 Nf6 2. Nf3 d5 3. e3 e6 4. Bd3 Nbd7 5. O-O Bd6 6. Nbd2 O-O 7. e4 dxe4 8.
Nxe4 Nxe4 9. Bxe4 Nf6 10. Bd3 c5 11. c3 b6 12. Bg5 cxd4 13. cxd4 Bb7 14. Rc1
Be7 15. Qe2 h6 16. Bd2 Qd6 17. Rfe1 Rfd8 18. Bb1 Bf8 19. h3 Rac8 20. Rxc8 Rxc8
21. a3 Qd5 22. Qd3 Qc4 23. Ne5 Qxd3 24. Bxd3 Rd8 25. Be3 Nd5 26. Rc1 Bd6 27.
Nc6 Ra8 28. Be4 a6 29. Bxd5 exd5 30. Ne5 Rc8 31. Kf1 f6 32. Rxc8+ Bxc8 33. Nd3
g5 34. Nb4 Bb7 35. Bd2 a5 36. Na2 Ba6+ 37. Ke1 Kf7 38. b4 Bc4 39. Nc1 a4 40.
Ne2 Ke6 41. f3 h5 42. g4 h4 43. Bc1 Be7 44. Nc3 Bb3 45. Nd1 Bd6 46. Ne3 Bg3+
47. Kf1 Bc4+ 48. Nxc4 0-1

[Event "España tch 2009 -2a 1"]
[Site "Padrón ESP"]
[Date "2009.08.08"]
[Round "5.21"]
[White "Alvarez Pedraza, Aramis"]
[Black "Santos Santos, Pablo"]
[Result "1-0"]
[PlyCount "89"]
[EventDate "2009.08.05"]
[EventType "team"]
[EventRounds "6"]
[EventCountry "ESP"]
[Source "lmi"]
[SourceDate "2009.08.05"]
[WhiteElo "2460"]
[BlackElo "2321"]

1. d4 d5 2. c4 c6 3. Nc3 Nf6 4. e3 a6 5. Qc2 b5 6. b3 Bg4 7. Nge2 Bh5 8. Nf4
Bg6 9. Nxg6 hxg6 10. g3 e6 11. Bg2 Be7 12. O-O O-O 13. e4 b4 14. exd5 exd5 15.
Na4 Nbd7 16. cxd5 cxd5 17. Bf4 Rc8 18. Qd3 Qa5 19. Rfc1 Nh5 20. Be3 Bd6 21. Bf1
Nb8 22. Bh3 Rxc1+ 23. Rxc1 Nf6 24. f3 Re8 25. Bd2 Qd8 26. Kf2 Kh8 27. Nc5 Qb6
28. Kg2 Kg8 29. Be1 Bxc5 30. dxc5 Qb7 31. Kf2 Nc6 32. Bf1 Qe7 33. Bd2 Ne5 34.
Qd4 Nc6 35. Qf4 Ne5 36. Qxb4 a5 37. Qd4 Nc6 38. Qf4 Rd8 39. Bb5 Qb7 40. Qa4 Ne5
41. Bf4 Nxf3 42. c6 Qc8 43. c7 Rf8 44. Kxf3 Qg4+ 45. Kg2 1-0

[Event "España tch 2009 -2a 1"]
[Site "Padrón ESP"]
[Date "2009.08.08"]
[Round "5.22"]
[White "Gonzalez Valero, Julio"]
[Black "Pozo Vera, Sandro"]
[Result "0-1"]
[PlyCount "72"]
[EventDate "2009.08.05"]
[EventType "team"]
[EventRounds "6"]
[EventCountry "ESP"]
[Source "lmi"]
[SourceDate "2009.08.05"]
[WhiteElo "2285"]
[BlackElo "2452"]

1. d4 e6 2. Nf3 c5 3. c4 d5 4. cxd5 exd5 5. g3 Nc6 6. Bg2 Nf6 7. O-O Be7 8. Nc3
O-O 9. dxc5 d4 10. Na4 Bf5 11. Bf4 Be4 12. Rc1 Qd5 13. Qb3 Qh5 14. Rfd1 d3 15.
Rxd3 Bxd3 16. exd3 Nd5 17. Qxb7 Nxf4 18. gxf4 Rac8 19. b4 Bf6 20. Nc3 Bxc3 21.
Rxc3 Rfe8 22. Rc4 Qg6 23. Re4 Rb8 24. b5 Qxe4 25. Qxc6 Qxd3 26. Bf1 Qf5 27. Qc7
Rbd8 28. h3 Rd7 29. Qc6 Rde7 30. b6 axb6 31. cxb6 Re6 32. Qa4 Re4 33. Qc6 Qxf4
34. Bg2 R4e6 35. Qb5 Qc1+ 36. Bf1 Rb8 0-1

[Event "España tch 2009 -2a 1"]
[Site "Padrón ESP"]
[Date "2009.08.08"]
[Round "5.23"]
[White "Trepat Herranz, Joan"]
[Black "Garcia Garcia, Jose Luis"]
[Result "1/2-1/2"]
[PlyCount "65"]
[EventDate "2009.08.05"]
[EventType "team"]
[EventRounds "6"]
[EventCountry "ESP"]
[Source "lmi"]
[SourceDate "2009.08.05"]
[WhiteElo "2269"]
[BlackElo "2228"]

1. d4 Nf6 2. c4 e6 3. Nf3 b6 4. g3 Ba6 5. Qc2 c5 6. d5 exd5 7. cxd5 d6 8. Bg2
g6 9. O-O Bg7 10. Re1 O-O 11. e4 Nbd7 12. Bf4 Ne8 13. Nc3 Ne5 14. Rad1 f6 15.
h4 Nc7 16. b3 Qd7 17. Nh2 Rac8 18. Bxe5 fxe5 19. Bf3 Rce8 20. Bg4 Qd8 21. a3
Bh6 22. Kg2 Bc8 23. Qe2 Ba6 24. Qc2 Bc8 25. f3 b5 26. Bxc8 Qxc8 27. Ng4 Bg7 28.
b4 cxb4 29. axb4 Na6 30. Qb3 Qb7 31. Rc1 Rc8 32. Ne2 h5 33. Nf2 1/2-1/2

[Event "España tch 2009 -2a 1"]
[Site "Padrón ESP"]
[Date "2009.08.08"]
[Round "5.24"]
[White "Blanco Gutierrez, Pedro"]
[Black "Monell Camarasa, David"]
[Result "0-1"]
[PlyCount "84"]
[EventDate "2009.08.05"]
[EventType "team"]
[EventRounds "6"]
[EventCountry "ESP"]
[Source "lmi"]
[SourceDate "2009.08.05"]
[WhiteElo "2113"]
[BlackElo "2230"]

1. d4 d5 2. c4 c6 3. Nf3 Nf6 4. e3 e6 5. Bd3 Be7 6. O-O O-O 7. b3 Nbd7 8. Bb2
Re8 9. Qc2 Nf8 10. Ne5 N6d7 11. Nxd7 Bxd7 12. e4 dxe4 13. Bxe4 Bf6 14. Nd2 Rc8
15. Nf3 Ng6 16. Rad1 Qa5 17. Rfe1 Rcd8 18. Ne5 Bc8 19. Bxc6 bxc6 20. Nxc6 Qg5
21. Nxd8 Rxd8 22. Qe4 h6 23. Bc1 Qa5 24. Re2 Qc7 25. Be3 Bb7 26. Qg4 Qa5 27.
Red2 Nh4 28. f3 h5 29. Qh3 Nf5 30. Bf2 Nxd4 31. Kf1 Nc6 32. Rxd8+ Bxd8 33. a4
Bf6 34. f4 Qc7 35. Qe3 h4 36. Qd2 Na5 37. Qb4 h3 38. gxh3 Bf3 39. Rd3 Be4 40.
Rg3 Bh4 41. Rg4 Be7 42. Qb5 Qd8 0-1

[Event "España tch 2009 -2a 1"]
[Site "Padrón ESP"]
[Date "2009.08.09"]
[Round "6.21"]
[White "Estremera Paños, Sergio"]
[Black "Epishin, Vladimir"]
[Result "0-1"]
[PlyCount "172"]
[EventDate "2009.08.05"]
[EventType "team"]
[EventRounds "6"]
[EventCountry "ESP"]
[Source "lmi"]
[SourceDate "2009.08.05"]
[WhiteElo "2394"]
[BlackElo "2592"]

1. d4 d5 2. c4 dxc4 3. Nf3 Nf6 4. e3 g6 5. Bxc4 Bg7 6. O-O O-O 7. b4 Nbd7 8.
Bb2 Ne4 9. Nbd2 Nd6 10. Bb3 Nf6 11. Ne5 c6 12. Ndc4 Be6 13. Na5 Bd5 14. Rc1 Rc8
15. Re1 Re8 16. Qd3 Rc7 17. f3 Nd7 18. e4 Bxb3 19. Qxb3 e6 20. Red1 Qg5 21. a4
a6 22. Nac4 Nxc4 23. Nxc4 Rd8 24. e5 Bf8 25. Nd2 Qe7 26. Bc3 Bh6 27. Rb1 Bxd2
28. Bxd2 Nb6 29. b5 axb5 30. Bb4 Qd7 31. axb5 Ra8 32. Bd6 Rcc8 33. bxc6 Rxc6
34. Bc5 Na4 35. Qxb7 Qxb7 36. Rxb7 Nxc5 37. dxc5 Rxc5 38. Rdd7 Rf8 39. f4 h6
40. Kf2 g5 41. Kf3 Kg7 42. g3 Kg6 43. h3 Rc3+ 44. Kg2 Ra8 45. Ra7 Rc2+ 46. Kf3
Rxa7 47. Rxa7 Rh2 48. fxg5 hxg5 49. Kg4 Rd2 50. Ra5 Rd4+ 51. Kf3 Kf5 52. Ra7
Rd3+ 53. Kg2 Kg6 54. Ra5 Rd5 55. Ra3 Rxe5 56. Kf3 Rf5+ 57. Ke3 Rf1 58. g4 Kf6
59. Ke2 Rb1 60. Rf3+ Ke7 61. Ra3 Rb5 62. Kf3 Kd6 63. Kg3 Rb4 64. Rf3 Ke7 65.
Ra3 Rd4 66. Ra7+ Kf6 67. Ra3 Ke5 68. Re3+ Re4 69. Ra3 f5 70. gxf5 exf5 71. Ra5+
Kf6 72. Ra6+ Re6 73. Ra3 Kg6 74. Ra8 Re3+ 75. Kg2 f4 76. Rg8+ Kf5 77. Rf8+ Ke4
78. Re8+ Kd3 79. Rg8 Ke2 80. Rf8 Rg3+ 81. Kh2 Kf2 82. Ra8 Rg2+ 83. Kh1 f3 84.
Ra5 g4 85. hxg4 Kg3 86. g5 Rh2+ 0-1

[Event "España tch 2009 -2a 1"]
[Site "Padrón ESP"]
[Date "2009.08.09"]
[Round "6.22"]
[White "Iturrizaga, Eduardo"]
[Black "Calzetta Ruiz, Monica"]
[Result "1-0"]
[PlyCount "53"]
[EventDate "2009.08.05"]
[EventType "team"]
[EventRounds "6"]
[EventCountry "ESP"]
[Source "lmi"]
[SourceDate "2009.08.05"]
[WhiteElo "2555"]
[BlackElo "2344"]

1. d4 Nf6 2. Nf3 g6 3. c4 Bg7 4. Nc3 d6 5. e4 O-O 6. Be2 e5 7. Be3 Nc6 8. d5
Ne7 9. Nd2 Ne8 10. b4 f5 11. f3 a5 12. a3 axb4 13. axb4 Rxa1 14. Qxa1 fxe4 15.
fxe4 Kh8 16. Rf1 Nf6 17. Qa8 Neg8 18. Nb5 Qe7 19. Qb8 c6 20. Nxd6 Bg4 21. Qxb7
Qxd6 22. Bc5 Qb8 23. dxc6 Qxb7 24. cxb7 Rb8 25. Bxg4 Nxg4 26. Rf7 N4h6 27. Rc7
1-0

[Event "España tch 2009 -2a 1"]
[Site "Padrón ESP"]
[Date "2009.08.09"]
[Round "6.23"]
[White "Ducros Salva, Antonio"]
[Black "Hernando Pertierra, Jose C"]
[Result "1/2-1/2"]
[PlyCount "57"]
[EventDate "2009.08.05"]
[EventType "team"]
[EventRounds "6"]
[EventCountry "ESP"]
[Source "lmi"]
[SourceDate "2009.08.05"]
[WhiteElo "2218"]
[BlackElo "2386"]

1. c4 g6 2. g3 c5 3. Bg2 Bg7 4. Nc3 Nc6 5. a3 d6 6. Rb1 a5 7. d3 e5 8. e3 Nf6
9. Nge2 O-O 10. O-O h5 11. Nd5 Bf5 12. Nec3 Nxd5 13. Nxd5 Be6 14. Bd2 Ne7 15.
Nxe7+ Qxe7 16. b4 cxb4 17. axb4 a4 18. b5 Qd7 19. Bb4 Rfd8 20. e4 Bh3 21. Ra1
Bf6 22. Rxa4 h4 23. Rxa8 Rxa8 24. Bxh3 Qxh3 25. Qf3 hxg3 26. fxg3 Ra2 27. Rf2
Ra1+ 28. Rf1 Ra2 29. Rf2 1/2-1/2

[Event "España tch 2009 -2a 1"]
[Site "Padrón ESP"]
[Date "2009.08.09"]
[Round "6.24"]
[White "Gonzalez De La Nava, Amador"]
[Black "Serrano Bozada, Esteban"]
[Result "1-0"]
[PlyCount "41"]
[EventDate "2009.08.05"]
[EventType "team"]
[EventRounds "6"]
[EventCountry "ESP"]
[Source "lmi"]
[SourceDate "2009.08.05"]
[WhiteElo "2275"]
[BlackElo "2213"]

1. d4 Nf6 2. Nf3 g6 3. c4 Bg7 4. Nc3 O-O 5. Bf4 d6 6. h3 Nbd7 7. e3 c6 8. Be2
Qe8 9. Bh2 e5 10. dxe5 dxe5 11. Qd6 e4 12. Nd2 Qd8 13. O-O-O Re8 14. g4 g5 15.
h4 Bf8 16. Qg3 h6 17. hxg5 hxg5 18. Qh3 Bg7 19. Bd6 Re6 20. Ndxe4 Rxd6 21. Nxd6
1-0